[Event "Grand Pacific op"]
[Site "Victoria CAN"]
[Date "2012.04.07"]
[Round "3"]
[White "Yoos, John"]
[Black "Gedajlovic, Max"]
[Result "1-0"]
[WhiteElo "2393"]
[BlackElo "1429"]
[PlyCount "51"]
[EventDate "2012.04.06"]
[EventType "swiss"]
[EventRounds "6"]
[EventCountry "CAN"]

1. e4 c6 2. d4 d5 3. e5 Bf5 4. Nc3 e6 5. g4 Bg6 6. Nge2 Nd7 7. h4 h6 8. Be3 c5
9. f4 cxd4 10. Nxd4 Be7 11. Bf2 Nc5 12. f5 exf5 13. gxf5 Bh7 14. Qg4 Bf8 15.
Bb5+ Nd7 16. e6 fxe6 17. fxe6 Qe7 18. Nxd5 Ngf6 19. Nxf6+ Qxf6 20. exd7+ Kd8
21. Ne6+ Ke7 22. Bc5+ Kf7 23. Rf1 Bxc5 24. Rxf6+ gxf6 25. Nxc5 Bxc2 26. Qc4+
1-0

[Event "Titled Tuesday 2023.10.31 Late"]
[Site "chess.com INT"]
[Date "2023.10.31"]
[Round "4"]
[White "Grigoriants, S RUS."]
[Black "Gedajlovic, Max"]
[Result "1/2-1/2"]
[WhiteElo "2544"]
[BlackElo "2407"]
[PlyCount "85"]
[EventDate "2023.10.31"]
[EventType "swiss (blitz)"]
[EventRounds "11"]
[EventCountry "NET"]
[Source "Mark Crowther"]
[SourceDate "2023.11.06"]

1. d4 Nf6 2. c4 e6 3. Nc3 Bb4 4. e3 O-O 5. Bd3 d5 6. Nge2 c5 7. cxd5 cxd4 8.
exd4 Nxd5 9. Qc2 h6 10. O-O Nc6 11. a3 Bd6 12. Rd1 Bd7 13. Ng3 Rc8 14. Qe2 Qh4
15. Be4 Nce7 16. Bd2 Bc6 17. Bf3 Nxc3 18. bxc3 Bxf3 19. Qxf3 Nd5 20. h3 Bxg3
21. fxg3 Qf6 22. Qd3 Qf5 23. Qb5 Nxc3 24. Qxf5 exf5 25. Bxc3 Rxc3 26. Kh2 Rd8
27. Rd2 Rd5 28. a4 Rc4 29. Rb2 b6 30. a5 bxa5 31. Rb8+ Kh7 32. Rb7 a6 33. Rxf7
Rcxd4 34. Ra7 Rd2 35. Rxa6 Rb2 36. R6xa5 Rdd2 37. Rg1 Kg6 38. Raa1 Kg5 39. Rad1
Re2 40. Rde1 Red2 41. Rd1 Re2 42. Rde1 Red2 43. Rd1 1/2-1/2

[Event "Charlotte Fall GMB Alto"]
[Site "Charlotte USA"]
[Date "2023.11.17"]
[Round "1.1"]
[White "Shmeliov, D."]
[Black "Gedajlovic, Max"]
[Result "1/2-1/2"]
[WhiteElo "2397"]
[BlackElo "2407"]
[PlyCount "100"]
[EventDate "2023.11.17"]
[EventType "tourn"]
[EventRounds "9"]
[EventCountry "USA"]
[EventCategory "8"]
[Source "Mark Crowther"]
[SourceDate "2023.11.20"]

1. d4 Nf6 2. c4 e6 3. Nf3 d5 4. Nc3 dxc4 5. e4 b5 6. e5 Nd5 7. Nxb5 Nb6 8. Be2
Nc6 9. O-O Be7 10. Be3 O-O 11. Qc1 a6 12. Nc3 Rb8 13. Rd1 Nb4 14. Nd2 Nd3 15.
Qb1 Bb7 16. Nxc4 Nxc4 17. Bxd3 Nxe3 18. fxe3 g6 19. Be4 Bxe4 20. Nxe4 c5 21.
Qc2 Qd5 22. Nc3 Qb7 23. Rab1 Rfd8 24. Qf2 Rd7 25. Qf4 cxd4 26. exd4 Rc8 27. Rd3
Rdc7 28. Rf1 Qxb2 29. Qxf7+ Kh8 30. Rh3 Bh4 31. Qxe6 Bg5 32. Qg4 Bd8 33. Qxg6
Bg5 34. Qxg5 Rg7 35. Nd1 Qe2 36. Qxg7+ Kxg7 37. Rg3+ Kh8 38. Ne3 h5 39. h4 Rc3
40. Rf8+ Kh7 41. Rf7+ Kh8 42. Rf8+ Kh7 43. Rff3 Qxa2 44. d5 Rc1+ 45. Kh2 Qa1
46. Rf7+ Kh8 47. Rf8+ Kh7 48. Rf7+ Kh8 49. Rf8+ Kh7 50. Rf7+ Kh8 1/2-1/2

[Event "US Masters"]
[Site "Charlotte USA"]
[Date "2023.11.24"]
[Round "4.17"]
[White "Rodrigue-Lemieux, Shawn"]
[Black "Gedajlovic, Max"]
[Result "1-0"]
[WhiteElo "2492"]
[BlackElo "2407"]
[PlyCount "63"]
[EventDate "2023.11.24"]
[EventType "swiss"]
[EventRounds "9"]
[EventCountry "USA"]
[Source "ChessMix"]
[SourceDate "2023.12.01"]
[TimeControl "5400+30"]

1. c4 {[%emt 0:09:43]} e5 {[%emt 0:00:34]} 2. Nc3 {[%emt 0:00:31]} Bb4 {
[%emt 0:00:56]} 3. Nd5 {[%emt 0:01:07]} a5 {[%emt 0:02:14]} 4. e3 {
[%emt 0:02:10]} Nf6 {[%emt 0:01:10]} 5. Nf3 {[%emt 0:14:39]} Nxd5 {
[%emt 0:20:19]} 6. cxd5 {[%emt 0:00:09]} Qe7 {[%emt 0:00:10]} 7. a3 {
[%emt 0:01:56]} Bd6 {[%emt 0:02:12]} 8. e4 {[%emt 0:05:41]} c6 {[%emt 0:03:38]}
9. d4 {[%emt 0:04:51]} exd4 {[%emt 0:10:23]} 10. Qxd4 {[%emt 0:00:32]} f6 {
[%emt 0:00:17]} 11. Be3 {[%emt 0:02:19]} Na6 {[%emt 0:05:15]} 12. Rc1 {
[%emt 0:02:01]} O-O {[%emt 0:05:24]} 13. Bd3 {[%emt 0:01:17]} c5 {
[%emt 0:09:36]} 14. Qc3 {[%emt 0:02:13]} b6 {[%emt 0:01:13]} 15. O-O {
[%emt 0:00:34]} Nc7 {[%emt 0:01:04]} 16. Rfe1 {[%emt 0:02:21]} a4 {
[%emt 0:02:26]} 17. Qc2 {[%emt 0:04:33]} Ba6 {[%emt 0:10:38]} 18. e5 {
[%emt 0:01:17]} Bxd3 {[%emt 0:00:41]} 19. exd6 {[%emt 0:02:00]} Qe4 {
[%emt 0:00:42]} 20. Qd1 {[%emt 0:07:10]} Na6 {[%emt 0:08:22]} 21. Bxc5 {
[%emt 0:01:53]} Qxd5 {[%emt 0:00:02]} 22. Bxb6 {[%emt 0:00:43]} Rfb8 {
[%emt 0:01:54]} 23. Bc7 {[%emt 0:02:26]} Rxb2 {[%emt 0:01:13]} 24. Qxa4 {
[%emt 0:00:53]} Bf5 {[%emt 0:07:40]} 25. Qd4 {[%emt 0:03:47]} Qb7 {
[%emt 0:02:36]} 26. h3 {[%emt 0:02:37]} Rb5 {[%emt 0:00:49]} 27. Qc4+ {
[%emt 0:04:38]} Be6 {[%emt 0:00:18]} 28. Rxe6 {[%emt 0:01:04]} dxe6 {
[%emt 0:00:01]} 29. Qxe6+ {[%emt 0:00:09]} Kh8 {[%emt 0:00:48]} 30. d7 {
[%emt 0:01:19]} Nxc7 {[%emt 0:02:15]} 31. Rxc7 {[%emt 0:00:09]} Rb1+ {
[%emt 0:00:29]} 32. Ne1 {[%emt 0:00:06]} 1-0

[Event "London GM-B"]
[Site "London ENG"]
[Date "2023.12.05"]
[Round "1.3"]
[White "Gedajlovic, Max"]
[Black "Derakhshani, Borna"]
[Result "0-1"]
[WhiteElo "2390"]
[BlackElo "2380"]
[PlyCount "88"]
[EventDate "2023.12.05"]
[EventType "tourn"]
[EventRounds "9"]
[EventCountry "ENG"]
[EventCategory "5"]
[Source "ChessMix"]
[SourceDate "2023.12.10"]

1. e4 c5 2. Nf3 Nc6 3. Bb5 e6 4. Bxc6 bxc6 5. d3 Qc7 6. O-O Ne7 7. e5 Ng6 8.
Re1 Be7 9. h4 f6 10. exf6 Bxf6 11. Nc3 O-O 12. g3 d6 13. Ne4 e5 14. Nfg5 h6 15.
Nxf6+ Rxf6 16. Ne4 Rf7 17. Be3 Rb8 18. b3 Bf5 19. a3 Rbf8 20. b4 c4 21. Nc3
cxd3 22. cxd3 Qd7 23. d4 Bg4 24. Qd3 Nxh4 25. gxh4 Bf3 26. Kh2 Qg4 27. Qf1 exd4
28. Qh3 dxe3 29. Qxg4 Bxg4 30. fxe3 Rf3 31. Ra2 Rh3+ 32. Kg1 Rxh4 33. Rh2 Rxh2
34. Kxh2 h5 35. b5 Rf2+ 36. Kg3 Rc2 37. Ne4 d5 38. Nf2 cxb5 39. Nxg4 hxg4 40.
Rd1 Rc3 41. Kf4 Rxa3 42. Rxd5 b4 43. Rb5 a5 44. Rb7 g3 0-1

[Event "London GM-B"]
[Site "London ENG"]
[Date "2023.12.05"]
[Round "2.4"]
[White "Fernandez, Daniel Howard"]
[Black "Gedajlovic, Max"]
[Result "1-0"]
[WhiteElo "2528"]
[BlackElo "2390"]
[PlyCount "115"]
[EventDate "2023.12.05"]
[EventType "tourn"]
[EventRounds "9"]
[EventCountry "ENG"]
[EventCategory "5"]
[Source "ChessMix"]
[SourceDate "2023.12.10"]

1. c4 e5 2. Nc3 Bb4 3. Nd5 a5 4. b3 Nf6 5. Nxb4 axb4 6. Bb2 Nc6 7. g3 d5 8. Bg2
d4 9. a3 Qd6 10. axb4 Ra6 11. Ra2 Rxa2 12. Qb1 Ra1 13. Qxa1 Nxb4 14. Qa4+ c6
15. Nf3 O-O 16. O-O c5 17. d3 Bd7 18. Qa7 Bc6 19. Ba3 Na6 20. Rb1 Nd7 21. b4
cxb4 22. Bxb4 Nxb4 23. Qa3 b6 24. Qxb4 Qxb4 25. Rxb4 Ra8 26. Rb1 Kf8 27. Ng5
Bxg2 28. Kxg2 Ke7 29. f4 Ra2 30. Kf2 h6 31. Nf3 f6 32. h4 Nc5 33. Kf1 Nd7 34.
h5 Kd6 35. Kf2 Ra5 36. fxe5+ fxe5 37. Nd2 Kc6 38. Ne4 Ra8 39. Kg2 Ra2 40. Kf3
Ra8 41. Kg4 Rf8 42. Ra1 Kb7 43. Nd6+ Kc6 44. Nf5 Nf6+ 45. Kh4 Nxh5 46. Ne7+ Kd6
47. Ng6 Rf2 48. Kxh5 Rxe2 49. Rb1 Kc7 50. Ne7 e4 51. Nd5+ Kd6 52. Rxb6+ Ke5 53.
Nf4 exd3 54. Re6+ Kf5 55. Nxe2 g6+ 56. Kxh6 d2 57. Nxd4+ Kg4 58. Nc2 1-0

[Event "London GM-B"]
[Site "London ENG"]
[Date "2023.12.06"]
[Round "3.2"]
[White "Gedajlovic, Max"]
[Black "Kovchan, Alexander"]
[Result "1/2-1/2"]
[WhiteElo "2390"]
[BlackElo "2491"]
[PlyCount "20"]
[EventDate "2023.12.05"]
[EventType "tourn"]
[EventRounds "9"]
[EventCountry "ENG"]
[EventCategory "5"]
[Source "ChessMix"]
[SourceDate "2023.12.10"]

1. e4 c5 2. Nf3 d6 3. d4 cxd4 4. Qxd4 Nc6 5. Bb5 Bd7 6. Bxc6 Bxc6 7. Nc3 Nf6 8.
Bg5 e6 9. O-O-O Be7 10. Rhe1 O-O 1/2-1/2

[Event "London GM-B"]
[Site "London ENG"]
[Date "2023.12.06"]
[Round "4.5"]
[White "Radovanovic, Jovica"]
[Black "Gedajlovic, Max"]
[Result "0-1"]
[WhiteElo "2251"]
[BlackElo "2390"]
[PlyCount "82"]
[EventDate "2023.12.05"]
[EventType "tourn"]
[EventRounds "9"]
[EventCountry "ENG"]
[EventCategory "5"]
[Source "ChessMix"]
[SourceDate "2023.12.10"]

1. d4 Nf6 2. c4 e6 3. Nc3 Bb4 4. Nf3 b6 5. Bg5 h6 6. Bh4 g5 7. Bg3 Ne4 8. Qc2
Bb7 9. Nd2 Bxc3 10. bxc3 Nxg3 11. hxg3 d6 12. e4 Nd7 13. Be2 Qe7 14. g4 O-O-O
15. Rh3 Kb8 16. O-O-O f5 17. exf5 exf5 18. Re3 Qf7 19. Qxf5 Qxf5 20. gxf5 Bxg2
21. Rg1 Bc6 22. Nb3 Ba4 23. f4 gxf4 24. Rf3 Rde8 25. Kd2 Nf6 26. Bd3 Rhg8 27.
Rg6 Nh5 28. Rh3 Ng3 29. Rhxh6 Rgf8 30. f6 Bd7 31. d5 Bf5 32. Bxf5 Nxf5 33. Rh3
Ng3 34. Nd4 Ne4+ 35. Kc2 Rxf6 36. Rxf6 Nxf6 37. Ne6 Rg8 38. Nxf4 Rg4 39. Rf3
Nd7 40. Kb3 Nc5+ 41. Kb4 Rxf4 0-1

[Event "London GM-B"]
[Site "London ENG"]
[Date "2023.12.07"]
[Round "5.1"]
[White "Gedajlovic, Max"]
[Black "Badacsonyi, Stanley"]
[Result "1-0"]
[WhiteElo "2390"]
[BlackElo "2054"]
[PlyCount "65"]
[EventDate "2023.12.05"]
[EventType "tourn"]
[EventRounds "9"]
[EventCountry "ENG"]
[EventCategory "5"]
[Source "ChessMix"]
[SourceDate "2023.12.10"]

1. d4 Nf6 2. c4 g6 3. Nc3 Bg7 4. e4 d6 5. Be2 O-O 6. Be3 c5 7. d5 a6 8. a4 Re8
9. Nf3 e6 10. Nd2 Nbd7 11. O-O Rb8 12. Kh1 Nf8 13. a5 Bd7 14. f4 exd5 15. cxd5
h5 16. h3 Bb5 17. f5 N8h7 18. fxg6 fxg6 19. Bf4 Qd7 20. Ra3 h4 21. Bh2 Ng5 22.
Rf4 Nf7 23. Nxb5 axb5 24. Qf1 Nh5 25. Bxb5 Qe7 26. Bxe8 Rxe8 27. Rxf7 Qxf7 28.
Qxf7+ Kxf7 29. Nc4 Bf8 30. Bxd6 Bg7 31. Bh2 Kg8 32. e5 Rf8 33. Rf3 1-0

[Event "London GM-B"]
[Site "London ENG"]
[Date "2023.12.08"]
[Round "7.2"]
[White "Plat, Vojtech"]
[Black "Gedajlovic, Max"]
[Result "1-0"]
[WhiteElo "2509"]
[BlackElo "2390"]
[PlyCount "97"]
[EventDate "2023.12.05"]
[EventType "tourn"]
[EventRounds "9"]
[EventCountry "ENG"]
[EventCategory "5"]
[Source "ChessMix"]
[SourceDate "2023.12.10"]

1. Nf3 d5 2. b3 c5 3. Bb2 Nc6 4. e3 Nf6 5. Bb5 Bd7 6. O-O e6 7. d4 Rc8 8. c4
cxd4 9. cxd5 Nxd5 10. Nxd4 Nxd4 11. Bxd7+ Qxd7 12. Qxd4 Nb4 13. Qxd7+ Kxd7 14.
Rd1+ Ke8 15. Nc3 f6 16. Nb5 Rc2 17. Ba3 a5 18. Bxb4 Bxb4 19. Nd4 Rb2 20. Rac1
Kf7 21. Rc7+ Kg6 22. Nxe6 Re8 23. Nf4+ Kh6 24. g4 Rxa2 25. Rdd7 Bf8 26. Rd5 Re5
27. Rxe5 fxe5 28. g5+ Kxg5 29. Ne6+ Kg4 30. Nxf8 Kh3 31. Kf1 e4 32. Rxg7 Ra1+
33. Ke2 Ra2+ 34. Ke1 Ra1+ 35. Kd2 Ra2+ 36. Kc3 Rxf2 37. Ne6 b5 38. Ng5+ Kxh2
39. Nxe4 Re2 40. Kd3 Rb2 41. Rxh7+ Kg2 42. Rg7+ Kh3 43. Nd2 a4 44. bxa4 bxa4
45. Ra7 Ra2 46. Nb1 Ra1 47. Nc3 a3 48. Nb5 a2 49. Nc3 1-0

[Event "London GM-B"]
[Site "London ENG"]
[Date "2023.12.08"]
[Round "8.4"]
[White "Gedajlovic, Max"]
[Black "Olsen, Filip Boe"]
[Result "1/2-1/2"]
[WhiteElo "2390"]
[BlackElo "2423"]
[PlyCount "28"]
[EventDate "2023.12.05"]
[EventType "tourn"]
[EventRounds "9"]
[EventCountry "ENG"]
[EventCategory "5"]
[Source "ChessMix"]
[SourceDate "2023.12.10"]

1. e4 c5 2. Nf3 d6 3. d4 cxd4 4. Nxd4 Nf6 5. Nc3 a6 6. Bd3 g6 7. f3 Bg7 8. Be3
Nc6 9. Qd2 O-O 10. O-O-O d5 11. Nxc6 bxc6 12. Bc4 e6 13. Bb3 Qc7 14. Kb1 Bb7
1/2-1/2

[Event "London GM-B"]
[Site "London ENG"]
[Date "2023.12.09"]
[Round "9.3"]
[White "Rudd, Jack"]
[Black "Gedajlovic, Max"]
[Result "0-1"]
[WhiteElo "2314"]
[BlackElo "2390"]
[PlyCount "40"]
[EventDate "2023.12.05"]
[EventType "tourn"]
[EventRounds "9"]
[EventCountry "ENG"]
[EventCategory "5"]
[Source "ChessMix"]
[SourceDate "2023.12.10"]

1. d4 Nf6 2. c4 e6 3. Nc3 Bb4 4. f3 d6 5. e4 c5 6. d5 b5 7. Bd2 a6 8. a3 Ba5 9.
Bd3 Nbd7 10. dxe6 fxe6 11. cxb5 Ne5 12. Bf4 Nxd3+ 13. Qxd3 d5 14. exd5 exd5 15.
O-O-O O-O 16. Nge2 Be6 17. Qe3 Qc8 18. Na4 d4 19. Qe5 Bb3 20. Nxc5 Re8 0-1

[Event "SPICE Cup op"]
[Site "Chesterfield USA"]
[Date "2023.12.17"]
[Round "1.16"]
[White "Gedajlovic, Max"]
[Black "Zhurbinsky, David"]
[Result "1-0"]
[WhiteElo "2390"]
[BlackElo "2080"]
[PlyCount "45"]
[EventDate "2023.12.17"]
[EventType "swiss"]
[EventRounds "9"]
[EventCountry "USA"]
[Source "ChessMix"]
[SourceDate "2024.01.01"]

1. d4 Nf6 2. c4 e6 3. Nf3 Bb4+ 4. Bd2 c5 5. Bxb4 cxb4 6. a3 bxa3 7. Rxa3 O-O 8.
Nc3 d6 9. e4 Re8 10. Be2 Nc6 11. O-O d5 12. e5 Ne4 13. c5 f6 14. Bb5 f5 15. Qa1
g5 16. Nxe4 dxe4 17. Nxg5 h6 18. Nh3 Qxd4 19. Qc1 Kh7 20. Ng5+ hxg5 21. Qxg5 e3
22. Qh5+ Kg7 23. Rxe3 1-0

[Event "SPICE Cup op"]
[Site "Chesterfield USA"]
[Date "2023.12.18"]
[Round "2.1"]
[White "Hakobyan, Aram"]
[Black "Gedajlovic, Max"]
[Result "1-0"]
[WhiteElo "2616"]
[BlackElo "2390"]
[PlyCount "29"]
[EventDate "2023.12.17"]
[EventType "swiss"]
[EventRounds "9"]
[EventCountry "USA"]
[Source "ChessMix"]
[SourceDate "2024.01.01"]

1. d4 Nf6 2. c4 e6 3. Nc3 Bb4 4. Nf3 b6 5. Qb3 c5 6. Bg5 Nc6 7. d5 Na5 8. Qc2
h6 9. Bh4 Nxc4 10. dxe6 Nd6 11. O-O-O Bxc3 12. Rxd6 Qe7 13. Rd1 Ba5 14. exf7+
Qxf7 15. Bxf6 1-0

[Event "SPICE Cup op"]
[Site "Chesterfield USA"]
[Date "2023.12.18"]
[Round "3.10"]
[White "Gedajlovic, Max"]
[Black "Betaneli, Alexander"]
[Result "1-0"]
[WhiteElo "2390"]
[BlackElo "2178"]
[PlyCount "139"]
[EventDate "2023.12.17"]
[EventType "swiss"]
[EventRounds "9"]
[EventCountry "USA"]
[Source "ChessMix"]
[SourceDate "2024.01.01"]

1. d4 d5 2. c4 e6 3. Nc3 Nf6 4. cxd5 exd5 5. Bg5 c6 6. e3 h6 7. Bh4 Be7 8. Bd3
O-O 9. Nge2 Ne8 10. Bxe7 Qxe7 11. O-O Bg4 12. Qd2 Bxe2 13. Nxe2 Nd6 14. Rae1
Nd7 15. f3 f5 16. Nf4 Qf6 17. a4 a6 18. Kh1 Rae8 19. g4 g5 20. Nh5 Qf7 21. e4
dxe4 22. fxe4 Nxe4 23. Qb4 c5 24. dxc5 Nf2+ 25. Rxf2 Qd5+ 26. Kg1 Qxd3 27. Rxe8
Rxe8 28. Qd2 Qc4 29. h3 Re7 30. Rxf5 Re2 31. Qd5+ Qxd5 32. Rxd5 Nf8 33. Rd8
Rxb2 34. Rb8 Rc2 35. Rxb7 Ne6 36. Rb6 Nxc5 37. Rxh6 Nxa4 38. Rxa6 Nc3 39. Rg6+
Kh7 40. Rxg5 Kh6 41. Re5 Ne2+ 42. Kf2 Nd4+ 43. Ke3 Nc6 44. Rd5 Nb4 45. Rb5 Nc6
46. Nf4 Rc3+ 47. Nd3 Rc4 48. Rh5+ Kg6 49. Nf4+ Kf6 50. Rf5+ Kg7 51. Nd5 Ra4 52.
Rg5+ Kf7 53. Rf5+ Kg7 54. Kf2 Nd4 55. Re5 Ra2+ 56. Kg3 Ne2+ 57. Kh4 Rd2 58. Ne3
Kf6 59. Rd5 Ra2 60. Rf5+ Ke6 61. Rf2 Ke5 62. Nf5 Nc3 63. Rxa2 Nxa2 64. Kg5 Nc3
65. h4 Ne4+ 66. Kg6 Kf4 67. Nh6 Kg3 68. h5 Kf4 69. Nf7 Kxg4 70. h6 1-0

[Event "SPICE Cup op"]
[Site "Chesterfield USA"]
[Date "2023.12.19"]
[Round "4.7"]
[White "Fernandez, John C"]
[Black "Gedajlovic, Max"]
[Result "1/2-1/2"]
[WhiteElo "2133"]
[BlackElo "2390"]
[PlyCount "83"]
[EventDate "2023.12.17"]
[EventType "swiss"]
[EventRounds "9"]
[EventCountry "USA"]
[Source "ChessMix"]
[SourceDate "2024.01.01"]

1. e4 e5 2. Nf3 Nc6 3. Bb5 a6 4. Ba4 Nf6 5. d3 d6 6. c3 Bd7 7. Nbd2 g6 8. Nf1
Bg7 9. Bg5 h6 10. Bh4 O-O 11. Ne3 Qe8 12. Bxf6 Bxf6 13. Nd5 Bd8 14. Qd2 Kg7 15.
h4 f5 16. h5 g5 17. exf5 Bxf5 18. Ne3 Bd7 19. Bc2 a5 20. O-O-O a4 21. d4 g4 22.
Bg6 Qe7 23. Nh4 Qg5 24. dxe5 Nxe5 25. Bc2 g3 26. f3 c6 27. Kb1 Rf4 28. Qxd6 Rf6
29. Qd4 Kg8 30. Qe4 Rf7 31. Rd6 Be7 32. f4 Qxf4 33. Rg6+ Kf8 34. Qxf4 Rxf4 35.
Rxh6 Nf7 36. Ng6+ Kg7 37. Nxf4 Kxh6 38. Rd1 Bd6 39. Bf5 Bxf4 40. Rxd7 Ne5 41.
Ng4+ Kxh5 42. Nxe5 1/2-1/2

[Event "SPICE Cup op"]
[Site "Chesterfield USA"]
[Date "2023.12.19"]
[Round "5.10"]
[White "Gedajlovic, Max"]
[Black "Rorrer, Grayson"]
[Result "0-1"]
[WhiteElo "2390"]
[BlackElo "2361"]
[PlyCount "68"]
[EventDate "2023.12.17"]
[EventType "swiss"]
[EventRounds "9"]
[EventCountry "USA"]
[Source "ChessMix"]
[SourceDate "2024.01.01"]

1. d4 Nf6 2. c4 e6 3. Nf3 b6 4. g3 Ba6 5. Qc2 c5 6. d5 exd5 7. cxd5 Bb7 8. Bg2
Nxd5 9. O-O Nc6 10. Rd1 Be7 11. Qf5 Nf6 12. e4 g6 13. Qf4 O-O 14. e5 Nh5 15.
Qc4 d5 16. exd6 Bxd6 17. Nc3 Na5 18. Qg4 Qb8 19. Nd5 Bxd5 20. Rxd5 Nf6 21. Qg5
Nxd5 22. Qxd5 Qc7 23. b4 Nc6 24. b5 Nd4 25. Bb2 Rad8 26. Nxd4 Be5 27. Qc6 Qxc6
28. bxc6 Bxd4 29. Bxd4 Rxd4 30. Kf1 Rc8 31. Re1 Kf8 32. a4 Rxa4 33. Rd1 Rd4 34.
Ra1 Rc7 0-1

[Event "SPICE Cup op"]
[Site "Chesterfield USA"]
[Date "2023.12.20"]
[Round "6.12"]
[White "Puckett, Matthew"]
[Black "Gedajlovic, Max"]
[Result "1/2-1/2"]
[WhiteElo "2172"]
[BlackElo "2390"]
[PlyCount "102"]
[EventDate "2023.12.17"]
[EventType "swiss"]
[EventRounds "9"]
[EventCountry "USA"]
[Source "ChessMix"]
[SourceDate "2024.01.01"]

1. d4 Nf6 2. c4 e6 3. g3 d5 4. Nf3 Bb4+ 5. Bd2 a5 6. Bg2 O-O 7. Qc2 c5 8. cxd5
cxd4 9. Nxd4 Qb6 10. e3 exd5 11. O-O Nc6 12. Nxc6 bxc6 13. Rc1 Rb8 14. Nc3 h5
15. Na4 Qd8 16. Bxb4 Rxb4 17. b3 h4 18. Qxc6 h3 19. Bf1 d4 20. Qc7 dxe3 21.
Qxd8 exf2+ 22. Kxf2 Rxd8 23. Nc3 Rd2+ 24. Kg1 Bg4 25. Nd1 Ne4 26. Ne3 Ng5 27.
Rc2 Rxc2 28. Nxc2 Re4 29. Kf2 Re5 30. Ne3 Ne4+ 31. Kg1 Be6 32. Nc4 Rc5 33. Rc1
Nd2 34. Be2 a4 35. Rc2 Nxb3 36. axb3 axb3 37. Rc3 Bxc4 38. Bxc4 b2 39. Rb3 Rxc4
40. Rxb2 g5 41. Kf2 Kg7 42. Kf3 g4+ 43. Kf2 Kg6 44. Rb1 Kf5 45. Kg1 Rc2 46. Kh1
Ke4 47. Ra1 Ke3 48. Rb1 Ke2 49. Ra1 f5 50. Rb1 Kf2 51. Rb2 Rxb2 1/2-1/2

[Event "SPICE Cup op"]
[Site "Chesterfield USA"]
[Date "2023.12.21"]
[Round "7.12"]
[White "Gedajlovic, Max"]
[Black "Marjanovic, Annamaria"]
[Result "1/2-1/2"]
[WhiteElo "2390"]
[BlackElo "2284"]
[PlyCount "41"]
[EventDate "2023.12.17"]
[EventType "swiss"]
[EventRounds "9"]
[EventCountry "USA"]
[Source "ChessMix"]
[SourceDate "2024.01.01"]

1. Nf3 d5 2. e3 Nf6 3. b3 e6 4. Bb2 b6 5. d4 Bb7 6. Bd3 Bd6 7. O-O O-O 8. c4 c5
9. cxd5 Nxd5 10. dxc5 Bxc5 11. a3 Be7 12. Qc2 h6 13. Nc3 Nd7 14. Nxd5 Bxd5 15.
b4 Rc8 16. Qe2 Bf6 17. Rac1 Rxc1 18. Rxc1 Qa8 19. Ne1 Rc8 20. Rxc8+ Qxc8 21.
Bxf6 1/2-1/2

[Event "SPICE Cup op"]
[Site "Chesterfield USA"]
[Date "2023.12.21"]
[Round "8.11"]
[White "Wang, Isaac"]
[Black "Gedajlovic, Max"]
[Result "0-1"]
[WhiteElo "2333"]
[BlackElo "2390"]
[PlyCount "102"]
[EventDate "2023.12.17"]
[EventType "swiss"]
[EventRounds "9"]
[EventCountry "USA"]
[Source "ChessMix"]
[SourceDate "2024.01.01"]

1. d4 e6 2. c4 b6 3. e4 Bb4+ 4. Bd2 Bxd2+ 5. Qxd2 d5 6. cxd5 exd5 7. e5 Ne7 8.
Nc3 O-O 9. Nf3 c5 10. Rd1 Nbc6 11. dxc5 bxc5 12. Nxd5 Nxd5 13. Qxd5 Qa5+ 14.
Qd2 Qxa2 15. Qd5 Qa5+ 16. Qd2 Rb8 17. Qxa5 Nxa5 18. Rd2 Re8 19. Be2 Nb3 20. Rd6
Rb6 21. Rxb6 axb6 22. Bc4 Na5 23. Bb5 Re7 24. O-O Bd7 25. Be2 Bc6 26. Rd1 g5
27. h3 Kg7 28. b4 cxb4 29. Rd4 b3 30. Rb4 Bxf3 31. Bxf3 Rxe5 32. Rxb6 Rc5 33.
Kh2 h6 34. h4 gxh4 35. Kh3 Rc3 36. Kxh4 Nc4 37. Rb7 b2 38. Bd5 Kf6 39. Bxc4
Rxc4+ 40. g4 Rc2 41. f4 Ke6 42. Rb5 Kd6 43. Rb8 Kd5 44. g5 hxg5+ 45. Kxg5 Ke4
46. Rb4+ Ke3 47. Kf6 Rf2 48. f5 Kd3 49. Rb8 Kc2 50. Rc8+ Kd1 51. Rd8+ Kc1 0-1

[Event "SPICE Cup op"]
[Site "Chesterfield USA"]
[Date "2023.12.22"]
[Round "9.10"]
[White "Gedajlovic, Max"]
[Black "Sheehan, Ethan"]
[Result "1-0"]
[WhiteElo "2390"]
[BlackElo "2339"]
[PlyCount "107"]
[EventDate "2023.12.17"]
[EventType "swiss"]
[EventRounds "9"]
[EventCountry "USA"]
[Source "ChessMix"]
[SourceDate "2024.01.01"]

1. e4 c5 2. Nf3 d6 3. d4 Nf6 4. Nc3 cxd4 5. Qxd4 Nc6 6. Bb5 Bd7 7. Bxc6 Bxc6 8.
Bg5 e6 9. O-O-O Be7 10. Rhe1 O-O 11. e5 dxe5 12. Nxe5 Qxd4 13. Rxd4 Bxg2 14.
Rg1 Bc6 15. Nxc6 bxc6 16. Ne4 Nd5 17. Bh6 g6 18. Bxf8 Kxf8 19. c4 Nf4 20. Nc3
e5 21. Rd7 Ne6 22. Rgd1 Nd4 23. Rb7 g5 24. b4 a6 25. Na4 Rd8 26. c5 a5 27. bxa5
Ra8 28. Nb6 Rxa5 29. Nd7+ Ke8 30. Nxe5 Rxc5+ 31. Kb1 Rxe5 32. Rxd4 Bc5 33. Rd2
Ba3 34. Kc2 c5 35. Kb3 Bc1 36. Rc2 Bf4 37. h3 Re1 38. Kc4 h5 39. Kxc5 h4 40.
Rb3 Ke7 41. a4 Ra1 42. Kb5 f5 43. Rc4 Bd2 44. Rb2 Be1 45. Re2+ Kf7 46. Rc7+ Kf6
47. Rc6+ Kf7 48. Re5 Bd2 49. Rxf5+ Ke7 50. Re5+ Kf7 51. Rd5 Rb1+ 52. Ka6 Bf4
53. Rd7+ Ke8 54. Rh7 1-0